Sports Quiz

Random Sports Quiz

Philadelphia Eagle's All-Time Receptions Quiz Stats

 Plays Quiz not verified by Sporcle

Score 0/35 Timer 05:00
0 Plays Today
Receptions Name % Correct
242Keith Jackson
93.2%
215Harold Jackson
93.2%
153DeSean Jackson
93.2%
426Brian Westbrook
85.8%
589 Harold Carmichael
81.7%
228Chad Lewis
67.1%
218Charlie Smith
64.4%
363Mike Quick
62.6%
184Todd Pinkston
60.3%
142Brent Celek
58.4%
275Duce Staley
55.7%
164James Thrash
52.1%
308Fred Barnett
51.1%
231L.J. Smith
49.8%
231Timmy Brown
49.3%
295Calvin Williams
48.9%
287Tommy McDonald
47.5%
222Irving Fryar
44.7%
Receptions Name % Correct
266Wilbert Montgomery
42.9%
371Keith Byars
42.5%
161Ricky Watters
40.6%
177Reggie Brown
39.3%
452 Pete Retzlaff
28.8%
163Herschel Walker
21.9%
373Pete Pihos
20.5%
256John Spagnola
17.4%
197Charle Young
16.4%
151Keith Krepfle
14.2%
261Ben Hawkins
9.1%
161Tom Sullivan
4.6%
166Gary Ballman
3.7%
311Bobby Walston
3.2%
144Michael Haddix
2.7%
175Clarence Peaks
0.5%
169Jack Ferrante
0.5%

You're not logged in!

Compare scores with friends on all Sporcle quizzes.
OR
Log In

Show Comments

Extras

Top Quizzes Today


Score Distribution

Your Account Isn't Verified!

In order to create a playlist on Sporcle, you need to verify the email address you used during registration. Go to your Sporcle Settings to finish the process.

Report this User

Report this user for behavior that violates our Community Guidelines.

Details: